[Event "Lund op"]
[Site "Lund"]
[Date "2016.04.12"]
[Round "7"]
[White "Franzen, Per Erik"]
[Black "Rudolph, Dirk"]
[Result "0-1"]
[WhiteElo "1894"]
[BlackElo "1722"]
[PlyCount "102"]
[EventDate "2016.02.09"]
[EventType "swiss"]
[EventRounds "7"]
[EventCountry "SWE"]
[SourceTitle "EXT 2019"]
[Source "ChessBase"]
[SourceDate "2018.10.10"]
[SourceVersion "1"]
[SourceVersionDate "2018.10.10"]
[SourceQuality "1"]

1. d4 f5 2. Nf3 Nf6 3. h3 d5 4. g4 Nc6 5. c4 fxg4 6. hxg4 Bxg4 7. Ne5 Bf5 8. Nxc6 bxc6 9. Nc3 e6 10. Qa4 Qd7 11. Bf4 Bd6 12. Bxd6 cxd6 13. Bh3 Bxh3 14. Rxh3 e5 15. Rd3 exd4 16. Rxd4 c5 17. Qxd7+ Kxd7 18. Rf4 d4 19. Ne4 Nxe4 20. Rxe4 Rae8 21. Rg4 Re7 22. 0-0-0 g6 23. Kd2 Rf8 24. Rg2 a5 25. Rh1 Rb8 26. b3 a4 27. Rh3 Kc6 28. Rgg3 axb3 29. Rxb3 Rxb3 30. axb3 Rf7 31. Ke1 d5 32. cxd5+ Kxd5 33. Rd3 Ke4 34. Kf1 Rf5 35. Rh3 h5 36. Kg2 Rg5+ 37. Kf1 Kd5 38. Rf3 h4 39. Rf4 Rh5 40. Kg2 Ke5 41. Rf8 Rf5 42. Rc8 Kf4 43. Rc7 Kg4 44. f3+ Kf4 45. Rh7 Ke3 46. Re7+ Kd2 47. Kh3 g5 48. Kg4 Rd5 49. f4 gxf4 50. Kxf4 Rh5 51. Kg4 h3 0-1